| 000 | 00488nam a2200205Ia 4500 | ||
|---|---|---|---|
| 005 | 20240823045114.0 | ||
| 008 | 240823s9999||||xx |||||||||||||| ||und|| | ||
| 020 | _a81-7556-186-6 | ||
| 041 | _aENGLISH | ||
| 082 | _A62023 P0 | ||
| 100 | _aKudesia V P | ||
| 245 | 0 | _aNoise Pollution and its Control | |
| 250 | _aII | ||
| 260 |
_c2000 _b"Pragati Prakashan,M" |
||
| 500 | _aYES | ||
| 650 |
_aNoise Pollution _bMechanical |
||
| 700 | _a Tiwari T N | ||
| 942 | _cBK | ||
| 999 |
_c214181 _d214181 |
||